Fair notice? (Record no. 74799)
[ view plain ]
| 000 -LEADER | |
|---|---|
| fixed length control field | 01521cab a2200253 4500 |
| 001 - CONTROL NUMBER | |
| control field | ABS68745 |
| 008 - FIXED-LENGTH DATA ELEMENTS--GENERAL INFORMATION | |
| fixed length control field | 111024s2005 000 0 eng u |
| 035 ## - SYSTEM CONTROL NUMBER | |
| System control number | (Sirsi) u128806 |
| 100 ## - MAIN ENTRY--PERSONAL NAME | |
| Personal name | Reid, D. |
| 245 ## - TITLE STATEMENT | |
| Title | Fair notice? |
| 260 ## - PUBLICATION, DISTRIBUTION, ETC. | |
| Date of publication, distribution, etc. | 2005 |
| 490 ## - SERIES STATEMENT | |
| Series statement | Journal of the Law Society of Scotland |
| Volume/sequential designation | 60(1) January 2005, 44-47(4) |
| 520 ## - SUMMARY, ETC. | |
| Summary, etc. | Addresses worrying issues concerning the notice of potential liability of costs introduced in the Tenements (Scotland) Act 2004 s12(3), which is a new registerable event and document relating to whether and to what extent a flat purchaser in a tenement should be liable for common charges incurred or proposed prior to the purchase. Examines the legal and contractual background to actual or potential common charges in the context of a sale of a flat, scrutinises s12(3) in detail and looks at the missives provisions. Concludes that with this new provision yet another potential pitfall has been introduced into the conveyancing process for which practitioners will have to provide. View the Act at www.scotland-legislation.hmso.gov.uk. |
| 590 ## - LOCAL NOTE (RLIN) | |
| Local note | ABS |
| 650 ## - SUBJECT ADDED ENTRY--TOPICAL TERM | |
| Topical term or geographic name entry element | TENEMENTS (SCOTLAND) ACT 2004 S12(3) |
| 650 ## - SUBJECT ADDED ENTRY--TOPICAL TERM | |
| Topical term or geographic name entry element | CONVEYANCING |
| 650 ## - SUBJECT ADDED ENTRY--TOPICAL TERM | |
| Topical term or geographic name entry element | SERVICE CHARGES |
| 650 ## - SUBJECT ADDED ENTRY--TOPICAL TERM | |
| Topical term or geographic name entry element | TENEMENTS |
| 650 ## - SUBJECT ADDED ENTRY--TOPICAL TERM | |
| Topical term or geographic name entry element | SERVICE CHARGE DISPUTES |
| 650 ## - SUBJECT ADDED ENTRY--TOPICAL TERM | |
| Topical term or geographic name entry element | SCOTLAND |
| 690 ## - LOCAL SUBJECT ADDED ENTRY--TOPICAL TERM (OCLC, RLIN) | |
| Topical term or geographic name as entry element | PROPERTY-LANDLORD AND TENANT |
| 856 ## - ELECTRONIC LOCATION AND ACCESS | |
| Uniform Resource Identifier | <a href="https://www.legislation.gov.uk/asp/2004/11/contents/enacted">https://www.legislation.gov.uk/asp/2004/11/contents/enacted</a> |
| Public note | View the Tenements (Scotland) Act 2004 free of charge at www.legislation.gov.uk |
| 942 ## - ADDED ENTRY ELEMENTS (KOHA) | |
| Suppress in OPAC | 0 |
| Withdrawn status | Lost status | Source of classification or shelving scheme | Damaged status | Not for loan | Home library | Current library | Shelving location | Date acquired | Total Checkouts | Full call number | Barcode | Date last seen | Copy number | Price effective from | Koha item type |
|---|---|---|---|---|---|---|---|---|---|---|---|---|---|---|---|
| Dewey Decimal Classification | London | London | Journal article | 15/02/2005 | ABS68745 | 128806-1001 | 06/08/2019 | 1 | 06/08/2019 | Journal article |